01018cam a2200253u 450000100100000000500170001000800410002701000170006804000240008505000200010911001420012924500340027126000480030530000310035365000330038465000300041765000340044765000310048191000340051290600450054695201110059199100450070299900170074700001363820200929163308.0831213s1970 ve a 000 0 spa  a 73209162  aDO-SdBNPcCarPdDLC00aHD7287.7.A3bF82 aFundación para el Desarrollo de la Comunidad y Fomento Municipal, Caracas.bDepartamento de Acción Comunal. [from old catalog]93105110aManual de autoconstrucción. aCaracas, :bFondo Editorial Común,c1970. a281 p. :billus. ;c24 cm. 0aHousing, cooperative.931052 0aSelf-help housing.931053 0aCommunity development.931054 0aHouse construction.931055 aCatalogación por copia / LC a0bcbccpremunvduencipf19gy-gencatlg 001052708MOaGRbGRcCTd2009-11-26iLF1l0o p13638-10r2020-06-25w2020-06-25y2ZPréstamo interno bc-GenCollhHD7287.7.A3iF8tCopy 1wPREM c13252d13252